000 00277nam a2200121Ia 4500
005 20251222144915.0
008 251222s9999||||xx |||||||||||||| ||spa||
082 _a262.91/J81U
100 _aJuan XXIII
245 0 _aVerdad - Unidad - Paz:
264 _bPaulinas
942 _cLIB
999 _c22498
_d22498